<?xml version="1.0" encoding="UTF-8"?>
<record
    xmlns:xsi="http://www.w3.org/2001/XMLSchema-instance"
    xsi:schemaLocation="http://www.loc.gov/MARC21/slim http://www.loc.gov/standards/marcxml/schema/MARC21slim.xsd"
    xmlns="http://www.loc.gov/MARC21/slim">

  <leader>02370nam0a2200409   4500</leader>
  <controlfield tag="001">RU\NLR\bibl\1512902</controlfield>
  <controlfield tag="005">20260405054457.0</controlfield>
  <datafield tag="010" ind1=" " ind2=" ">
    <subfield code="a">5-87991-069-5</subfield>
    <subfield code="b">&#x412; &#x43F;&#x435;&#x440;.</subfield>
    <subfield code="9">2000</subfield>
  </datafield>
  <datafield tag="035" ind1=" " ind2=" ">
    <subfield code="a">(nilc)EL/0000143608</subfield>
  </datafield>
  <datafield tag="035" ind1=" " ind2=" ">
    <subfield code="a">(NLR Aleph) 001504291</subfield>
  </datafield>
  <datafield tag="090" ind1=" " ind2=" ">
    <subfield code="a">39850</subfield>
    <subfield code="c">39850</subfield>
  </datafield>
  <datafield tag="100" ind1=" " ind2=" ">
    <subfield code="a">20070918d2006    |||y0rusy50      ca</subfield>
  </datafield>
  <datafield tag="101" ind1="1" ind2=" ">
    <subfield code="a">rus</subfield>
    <subfield code="c">ger</subfield>
  </datafield>
  <datafield tag="102" ind1=" " ind2=" ">
    <subfield code="a">RU</subfield>
  </datafield>
  <datafield tag="105" ind1=" " ind2=" ">
    <subfield code="a">a   z   |||||</subfield>
  </datafield>
  <datafield tag="200" ind1="1" ind2=" ">
    <subfield code="a">&#x41F;&#x438;&#x441;&#x44C;&#x43C;&#x430;</subfield>
    <subfield code="d">Briefe</subfield>
    <subfield code="e">[1875-1911]</subfield>
    <subfield code="f">&#x413;&#x443;&#x441;&#x442;&#x430;&#x432; &#x41C;&#x430;&#x43B;&#x435;&#x440;</subfield>
    <subfield code="g">&#x43F;&#x435;&#x440;. &#x441; &#x43D;&#x435;&#x43C;. &#x421;.&#x410;. &#x41E;&#x448;&#x435;&#x440;&#x43E;&#x432;&#x430; [&#x438; &#x434;&#x440;.]</subfield>
    <subfield code="g">&#x441;&#x43E;&#x441;&#x442;. &#x438; &#x43A;&#x43E;&#x43C;&#x43C;&#x435;&#x43D;&#x442;. &#x418;.&#x410;. &#x411;&#x430;&#x440;&#x441;&#x43E;&#x432;&#x43E;&#x439;, &#x414;.&#x420;. &#x41F;&#x435;&#x442;&#x440;&#x43E;&#x432;&#x430;</subfield>
    <subfield code="g">&#x43E;&#x431;&#x449;. &#x440;&#x435;&#x434;. &#x438; &#x43F;&#x43E;&#x441;&#x43B;&#x435;&#x441;&#x43B;. &#x418;.&#x410;. &#x411;&#x430;&#x440;&#x441;&#x43E;&#x432;&#x43E;&#x439;</subfield>
    <subfield code="g">[&#x424;&#x435;&#x434;&#x435;&#x440;. &#x446;&#x435;&#x43B;&#x435;&#x432;&#x430;&#x44F; &#x43F;&#x440;&#x43E;&#x433;&#x440;. "&#x41A;&#x443;&#x43B;&#x44C;&#x442;&#x443;&#x440;&#x430; &#x420;&#x43E;&#x441;&#x441;&#x438;&#x438;" (&#x43F;&#x43E;&#x434;&#x43F;&#x440;&#x43E;&#x433;&#x440;. "&#x41F;&#x43E;&#x434;&#x434;&#x435;&#x440;&#x436;&#x43A;&#x430; &#x43F;&#x43E;&#x43B;&#x438;&#x433;&#x440;&#x430;&#x444;&#x438;&#x438; &#x438; &#x43A;&#x43D;&#x438;&#x433;&#x43E;&#x438;&#x437;&#x434;. &#x420;&#x43E;&#x441;&#x441;&#x438;&#x438;")]</subfield>
    <subfield code="z">ger</subfield>
  </datafield>
  <datafield tag="210" ind1=" " ind2=" ">
    <subfield code="a">&#x421;&#x430;&#x43D;&#x43A;&#x442;-&#x41F;&#x435;&#x442;&#x435;&#x440;&#x431;&#x443;&#x440;&#x433;</subfield>
    <subfield code="c">&#x418;&#x437;&#x434;&#x430;&#x442;&#x435;&#x43B;&#x44C;&#x441;&#x442;&#x432;&#x43E; &#x438;&#x43C;&#x435;&#x43D;&#x438; &#x41D;.&#x418;. &#x41D;&#x43E;&#x432;&#x438;&#x43A;&#x43E;&#x432;&#x430;</subfield>
    <subfield code="d">2006</subfield>
  </datafield>
  <datafield tag="215" ind1=" " ind2=" ">
    <subfield code="a">888, [2] &#x441;., [1] &#x43B;. &#x43F;&#x43E;&#x440;&#x442;&#x440;.</subfield>
    <subfield code="c">&#x438;&#x43B;., &#x43F;&#x43E;&#x440;&#x442;&#x440;.</subfield>
    <subfield code="d">24</subfield>
  </datafield>
  <datafield tag="225" ind1="1" ind2=" ">
    <subfield code="a">&#x410;&#x432;&#x441;&#x442;&#x440;&#x438;&#x439;&#x441;&#x43A;&#x430;&#x44F; &#x431;&#x438;&#x431;&#x43B;&#x438;&#x43E;&#x442;&#x435;&#x43A;&#x430;</subfield>
  </datafield>
  <datafield tag="300" ind1=" " ind2=" ">
    <subfield code="a">&#x417;&#x430;&#x433;&#x43B;. &#x438; &#x430;&#x432;&#x442;. &#x442;&#x430;&#x43A;&#x436;&#x435; &#x43D;&#x430; &#x430;&#x43D;&#x433;&#x43B;. &#x44F;&#x437;.: Gustav Mahler</subfield>
  </datafield>
  <datafield tag="311" ind1=" " ind2=" ">
    <subfield code="a">&#x412; &#x442;&#x435;&#x43A;&#x441;&#x442;&#x435; &#x43F;&#x440;&#x435;&#x434;&#x438;&#x441;&#x43B;.: &#x412;&#x442;&#x43E;&#x440;&#x43E;&#x435; &#x441;&#x43E;&#x431;&#x440;&#x430;&#x43D;&#x438;&#x435; &#x43F;&#x438;&#x441;&#x435;&#x43C; &#x413;. &#x41C;&#x430;&#x43B;&#x435;&#x440;&#x430;. &#x41F;&#x435;&#x440;&#x432;&#x43E;&#x435; &#x43D;&#x430;&#x445;&#x43E;&#x434;&#x438;&#x442;&#x441;&#x44F; &#x432; &#x441;&#x431;. "&#x413;&#x443;&#x441;&#x442;&#x430;&#x432; &#x41C;&#x430;&#x43B;&#x435;&#x440;. &#x41F;&#x438;&#x441;&#x44C;&#x43C;&#x430;. &#x412;&#x43E;&#x441;&#x43F;&#x43E;&#x43C;&#x438;&#x43D;&#x430;&#x43D;&#x438;&#x44F;" &#x432;&#x44B;&#x448;&#x435;&#x434;&#x448;&#x435;&#x43C; &#x432; 1964 &#x433;.</subfield>
  </datafield>
  <datafield tag="320" ind1=" " ind2=" ">
    <subfield code="a">&#x411;&#x438;&#x431;&#x43B;&#x438;&#x43E;&#x433;&#x440;.: &#x441;. 843-853</subfield>
  </datafield>
  <datafield tag="320" ind1=" " ind2=" ">
    <subfield code="a">&#x412;&#x441;&#x43F;&#x43E;&#x43C;. &#x443;&#x43A;&#x430;&#x437;.: &#x43F;&#x440;&#x43E;&#x438;&#x437;&#x432;&#x435;&#x434;&#x435;&#x43D;&#x438;&#x439; &#x41C;&#x430;&#x43B;&#x435;&#x440;&#x430;, &#x438;&#x43C;&#x435;&#x43D;: &#x441;. 854-886</subfield>
  </datafield>
  <datafield tag="488" ind1=" " ind2="0">
    <subfield code="1">2001#$a&#x413;&#x443;&#x441;&#x442;&#x430;&#x432; &#x41C;&#x430;&#x43B;&#x435;&#x440;. &#x41F;&#x438;&#x441;&#x44C;&#x43C;&#x430;. &#x412;&#x43E;&#x441;&#x43F;&#x43E;&#x43C;&#x438;&#x43D;&#x430;&#x43D;&#x438;&#x44F;</subfield>
    <subfield code="1">210##$d1964</subfield>
    <subfield code="t">&#x413;&#x443;&#x441;&#x442;&#x430;&#x432; &#x41C;&#x430;&#x43B;&#x435;&#x440;. &#x41F;&#x438;&#x441;&#x44C;&#x43C;&#x430;. &#x412;&#x43E;&#x441;&#x43F;&#x43E;&#x43C;&#x438;&#x43D;&#x430;&#x43D;&#x438;&#x44F;</subfield>
  </datafield>
  <datafield tag="510" ind1="1" ind2=" ">
    <subfield code="6">z22790</subfield>
    <subfield code="a">Briefe</subfield>
    <subfield code="z">eng</subfield>
  </datafield>
  <datafield tag="600" ind1=" " ind2="1">
    <subfield code="a">&#x41C;&#x430;&#x43B;&#x435;&#x440;</subfield>
    <subfield code="b">&#x413;.</subfield>
    <subfield code="f">1860 - 1911</subfield>
    <subfield code="g">&#x413;&#x443;&#x441;&#x442;&#x430;&#x432;</subfield>
    <subfield code="j">&#x41F;&#x435;&#x440;&#x435;&#x43F;&#x438;&#x441;&#x43A;&#x430;</subfield>
    <subfield code="9">1595537</subfield>
    <subfield code="3">RU\NLR\auth\66701718</subfield>
  </datafield>
  <datafield tag="686" ind1=" " ind2=" ">
    <subfield code="a">&#x429;313(4&#x410;)53-81&#x41C;&#x430;&#x43B;&#x435;&#x440;13</subfield>
    <subfield code="v">LBC/SL</subfield>
    <subfield code="2">rubbk</subfield>
  </datafield>
  <datafield tag="686" ind1=" " ind2=" ">
    <subfield code="a">&#x429;313(4&#x410;)53-81&#x41C;&#x430;&#x43B;&#x435;&#x440;13</subfield>
  </datafield>
  <datafield tag="700" ind1=" " ind2="1">
    <subfield code="4">070</subfield>
    <subfield code="8">rus</subfield>
    <subfield code="7">ca</subfield>
    <subfield code="a">&#x41C;&#x430;&#x43B;&#x435;&#x440;</subfield>
    <subfield code="b">&#x413;.</subfield>
    <subfield code="f">1860-1911</subfield>
    <subfield code="g">&#x413;&#x443;&#x441;&#x442;&#x430;&#x432;</subfield>
    <subfield code="3">RU\NLR\auth\7718194</subfield>
    <subfield code="9">1276</subfield>
  </datafield>
  <datafield tag="790" ind1=" " ind2="1">
    <subfield code="4">070</subfield>
    <subfield code="7">ba</subfield>
    <subfield code="8">ger</subfield>
    <subfield code="a">Mahler</subfield>
    <subfield code="b">G.</subfield>
    <subfield code="f">1860-1911</subfield>
    <subfield code="g">Gustav</subfield>
    <subfield code="9">218828</subfield>
    <subfield code="3">RU\NLR\AUTH\770218884</subfield>
  </datafield>
  <datafield tag="801" ind1=" " ind2="0">
    <subfield code="a">RU</subfield>
    <subfield code="b">&#x413;&#x41F;&#x418;&#x411; &#x420;&#x43E;&#x441;&#x441;&#x438;&#x438;</subfield>
    <subfield code="c">20070918</subfield>
    <subfield code="g">rcr</subfield>
  </datafield>
  <datafield tag="801" ind1=" " ind2="1">
    <subfield code="a">RU</subfield>
    <subfield code="b">&#x413;&#x41F;&#x418;&#x411; &#x420;&#x43E;&#x441;&#x441;&#x438;&#x438;</subfield>
    <subfield code="c">20070918</subfield>
  </datafield>
  <datafield tag="801" ind1=" " ind2="2">
    <subfield code="a">RU</subfield>
    <subfield code="b">NLR</subfield>
    <subfield code="c">20100304</subfield>
    <subfield code="g">rcr</subfield>
  </datafield>
  <datafield tag="942" ind1=" " ind2=" ">
    <subfield code="c">BOOK</subfield>
  </datafield>
  <datafield tag="980" ind1=" " ind2=" ">
    <subfield code="a">NB</subfield>
  </datafield>
  <datafield tag="995" ind1=" " ind2=" ">
    <subfield code="5">2010-05-18</subfield>
    <subfield code="a">aa</subfield>
    <subfield code="b">NLR01</subfield>
    <subfield code="c">NLR01</subfield>
    <subfield code="e">RF8</subfield>
    <subfield code="f">1-1470414</subfield>
    <subfield code="k">2010-7/2647</subfield>
    <subfield code="o">0</subfield>
    <subfield code="p">1184.00</subfield>
    <subfield code="r">BOOK</subfield>
    <subfield code="s">201072647_</subfield>
  </datafield>
  <datafield tag="995" ind1=" " ind2=" ">
    <subfield code="5">2010-05-18</subfield>
    <subfield code="a">aa</subfield>
    <subfield code="b">NLR01</subfield>
    <subfield code="c">NLR01</subfield>
    <subfield code="e">RF8</subfield>
    <subfield code="f">1-2899785</subfield>
    <subfield code="k">2010-7/2647</subfield>
    <subfield code="o">0</subfield>
    <subfield code="p">1184.00</subfield>
    <subfield code="r">BOOK</subfield>
    <subfield code="s">201072647_</subfield>
  </datafield>
</record>
